000 00268nam a22001217a 4500
008 170426b xxu||||| |||| 00| 0 eng d
041 _aeng
080 _a546
100 _a12
101 _ashm
245 _aTREATISE ON INORGANIC CHEMISTRY
_cREMY, H
942 _2udc
_cBK
999 _c12006
_d12006